[Event "GBR-ch 95th"]
[Site "Liverpool"]
[Date "2008.08.04"]
[Round "7.12"]
[White "Greet, Andrew"]
[Black "Hanley, James L"]
[Result "1-0"]
[WhiteElo "2453"]
[BlackElo "2243"]
[PlyCount "69"]
[EventDate "2008.07.28"]
[EventType "swiss"]
[EventRounds "11"]
[EventCountry "GBR"]

1. e4 e5 2. Nf3 Nc6 3. Bb5 a6 4. Ba4 Nf6 5. O-O Be7 6. Re1 b5 7. Bb3 d6 8. c3
O-O 9. h3 Na5 10. Bc2 c5 11. d4 Qc7 12. Nbd2 Bd7 13. Nf1 Nc4 14. Qe2 Rfe8 15.
b3 Nb6 16. dxe5 dxe5 17. c4 bxc4 18. bxc4 Nh5 19. Ne3 Nf4 20. Qd1 f6 21. Nd5
Nfxd5 22. exd5 Bd6 23. Nd2 f5 24. g4 Rf8 25. Rb1 g6 26. gxf5 Bxf5 27. Bxf5 gxf5
28. Kh1 f4 29. Qh5 Rae8 30. Bb2 Kh8 31. Bc3 Nd7 32. Nf3 Nf6 33. Nxe5 Nxh5 34.
Nf7+ Kg8 35. Nh6# 1-0

[Event "GBR-ch 95th"]
[Site "Liverpool"]
[Date "2008.08.04"]
[Round "7.13"]
[White "Rudd, Jack"]
[Black "Horner, Jeff"]
[Result "1-0"]
[WhiteElo "2345"]
[BlackElo "2372"]
[PlyCount "53"]
[EventDate "2008.07.28"]
[EventType "swiss"]
[EventRounds "11"]
[EventCountry "GBR"]

1. e4 e5 2. d4 exd4 3. Qxd4 Nc6 4. Qe3 Bb4+ 5. Nc3 d6 6. Bd2 Nge7 7. O-O-O O-O
8. Qg3 Be6 9. f4 f5 10. Nf3 fxe4 11. Ng5 Qd7 12. Ncxe4 Bg4 13. Bxb4 Nxb4 14.
Re1 d5 15. Nc5 Qf5 16. Nd3 Nec6 17. h3 Bh5 18. Ne6 Rf7 19. Nxb4 Nxb4 20. Qb3
Re8 21. Re5 Qf6 22. Qxb4 Rxe6 23. Rxh5 Rb6 24. Qc3 Qxf4+ 25. Kd1 Qe4 26. Re5
Qa4 27. Bd3 1-0

[Event "GBR-ch 95th"]
[Site "Liverpool"]
[Date "2008.08.04"]
[Round "7.15"]
[White "Surtees, Michael"]
[Black "Houska, Jovanka"]
[Result "1-0"]
[WhiteElo "2182"]
[BlackElo "2405"]
[PlyCount "45"]
[EventDate "2008.07.28"]
[EventType "swiss"]
[EventRounds "11"]
[EventCountry "GBR"]

1. e4 c6 2. Ne2 d5 3. e5 c5 4. b4 cxb4 5. d4 Nc6 6. a3 e6 7. axb4 Bxb4+ 8. c3
Ba5 9. Ng3 Nge7 10. Nh5 O-O 11. Bg5 Qc7 12. Rxa5 Qxa5 13. Nxg7 f5 14. Nh5 Ng6
15. Nf6+ Kh8 16. Nxh7 Qc7 17. Nxf8 Nxf8 18. Bf6+ Kg8 19. g4 f4 20. Bd3 b5 21.
g5 b4 22. Qh5 Ne7 23. g6 1-0

[Event "GBR-ch 95th"]
[Site "Liverpool"]
[Date "2008.08.04"]
[Round "7.16"]
[White "Buckley, Graeme"]
[Black "Williamson, Roger G"]
[Result "1-0"]
[WhiteElo "2401"]
[BlackElo "2169"]
[PlyCount "63"]
[EventDate "2008.07.28"]
[EventType "swiss"]
[EventRounds "11"]
[EventCountry "GBR"]

1. d4 d5 2. c4 e6 3. Nf3 c5 4. e3 Nc6 5. cxd5 exd5 6. Bb5 Nf6 7. O-O Bd6 8.
dxc5 Bxc5 9. Qc2 Qd6 10. Bxc6+ bxc6 11. b3 O-O 12. Bb2 Bd7 13. Nbd2 Bb6 14. Ng5
Rfe8 15. Bxf6 Qxf6 16. Qxh7+ Kf8 17. Qh4 Qg6 18. Qf4 Rac8 19. Ngf3 Bc7 20. Qg5
Qh7 21. Qh4 Qg6 22. Rfe1 Bd8 23. Qg3 Qf6 24. Rac1 Bc7 25. Qh4 Qb2 26. e4 f6 27.
exd5 Rxe1+ 28. Rxe1 Ba5 29. Nc4 Qxa2 30. Qh8+ Kf7 31. Nd6+ Kg6 32. Nh4+ 1-0

[Event "GBR-ch 95th"]
[Site "Liverpool"]
[Date "2008.08.04"]
[Round "7.17"]
[White "Barrett, Steve"]
[Black "Lalic, Susan"]
[Result "0-1"]
[WhiteElo "2251"]
[BlackElo "2344"]
[PlyCount "58"]
[EventDate "2008.07.28"]
[EventType "swiss"]
[EventRounds "11"]
[EventCountry "GBR"]

1. d4 Nf6 2. Nf3 e6 3. e3 c5 4. Bd3 b6 5. O-O Bb7 6. Nbd2 Be7 7. b3 cxd4 8.
exd4 O-O 9. Bb2 d6 10. c4 Nbd7 11. Qe2 Re8 12. Rad1 Qc7 13. Rfe1 Bf8 14. Ng5 d5
15. Ngf3 g6 16. Ne5 Nh5 17. Qe3 Nxe5 18. dxe5 Bc5 19. Qg5 Qe7 20. Qg4 Ba3 21.
Ba1 Red8 22. Re3 dxc4 23. Nxc4 Rd5 24. Rh3 Rad8 25. Bc2 Rxd1+ 26. Bxd1 Nf4 27.
Ne3 Nxh3+ 28. Qxh3 Qb4 29. Kf1 Rxd1+ 0-1

[Event "GBR-ch 95th"]
[Site "Liverpool"]
[Date "2008.08.04"]
[Round "7.18"]
[White "Quillan, Gary"]
[Black "James, Russell A"]
[Result "1/2-1/2"]
[WhiteElo "2339"]
[BlackElo "2225"]
[PlyCount "42"]
[EventDate "2008.07.28"]
[EventType "swiss"]
[EventRounds "11"]
[EventCountry "GBR"]

1. e4 e5 2. Nf3 Nc6 3. Bb5 Nf6 4. O-O Bc5 5. Nxe5 Nxe4 6. Qe2 Nxe5 7. Qxe4 Qe7
8. Nc3 Nc6 9. Qxe7+ Nxe7 10. Re1 a6 11. Bf1 O-O 12. Ne4 Bb6 13. Nf6+ gxf6 14.
Rxe7 Bc5 15. Re1 d5 16. d4 Bxd4 17. Bh6 Bxb2 18. Rab1 Be5 19. f4 Bd4+ 20. Kh1
Bf5 21. Bxf8 Kxf8 1/2-1/2

[Event "GBR-ch 95th"]
[Site "Liverpool"]
[Date "2008.08.04"]
[Round "7.19"]
[White "Tiruchirapalli, Venkataramanan"]
[Black "Storey, Charles"]
[Result "1-0"]
[WhiteElo "2247"]
[BlackElo "2268"]
[PlyCount "57"]
[EventDate "2008.07.28"]
[EventType "swiss"]
[EventRounds "11"]
[EventCountry "GBR"]

1. e4 g6 2. d4 Bg7 3. Nf3 c5 4. dxc5 Qa5+ 5. c3 Qxc5 6. Na3 b6 7. Nb5 Nf6 8.
Be3 Qc6 9. Nfd4 Qb7 10. e5 Nd5 11. Bc4 Nxe3 12. fxe3 O-O 13. O-O a6 14. Rxf7
Rxf7 15. Bxf7+ Kh8 16. Nf5 gxf5 17. Bd5 axb5 18. Bxb7 Bxb7 19. a4 b4 20. Qd4
Ra6 21. cxb4 b5 22. Qc5 Nc6 23. Qxb5 Bc8 24. Rc1 Bh6 25. Rc3 e6 26. Qc5 Rxa4
27. b5 Na7 28. Ra3 Rxa3 29. bxa3 1-0

[Event "GBR-ch 95th"]
[Site "Liverpool"]
[Date "2008.08.04"]
[Round "7.20"]
[White "Ledger, David"]
[Black "Grigoryan-Lyell, Meri"]
[Result "1-0"]
[WhiteElo "2260"]
[BlackElo "2053"]
[PlyCount "57"]
[EventDate "2008.07.28"]
[EventType "swiss"]
[EventRounds "11"]
[EventCountry "GBR"]

1. e4 c6 2. d4 d5 3. Nc3 dxe4 4. Nxe4 Bf5 5. Ng3 Bg6 6. Nf3 Nd7 7. h4 h6 8. h5
Bh7 9. Bd3 Bxd3 10. Qxd3 Qc7 11. Ne4 Ngf6 12. g3 Nxe4 13. Qxe4 e6 14. Bd2 O-O-O
15. O-O-O Bd6 16. Kb1 Kb8 17. c4 c5 18. Bc3 Nf6 19. Qe2 Ka8 20. Ne5 cxd4 21.
Bxd4 Bxe5 22. Bxe5 Qc5 23. f4 Rxd1+ 24. Rxd1 Nxh5 25. Qxh5 f6 26. Qh4 g5 27.
Qxh6 Rc8 28. Qxf6 Qxc4 29. Bc3 1-0

[Event "GBR-ch 95th"]
[Site "Liverpool"]
[Date "2008.08.04"]
[Round "7.21"]
[White "Coathup, Roger"]
[Black "Zhou, Yang-Fan"]
[Result "0-1"]
[WhiteElo "2105"]
[BlackElo "2259"]
[PlyCount "52"]
[EventDate "2008.07.28"]
[EventType "swiss"]
[EventRounds "11"]
[EventCountry "GBR"]

1. d4 Nf6 2. c4 g6 3. Nc3 Bg7 4. e4 d6 5. Be2 O-O 6. Bg5 Na6 7. h4 e5 8. d5 h6
9. Be3 Nc5 10. Qc2 c6 11. h5 cxd5 12. cxd5 Qa5 13. Rb1 Ncxe4 14. hxg6 fxg6 15.
Bxh6 Bf5 16. Bd3 Nxf2 17. Bxf5 Nxh1 18. Be6+ Kh7 19. Be3 Bh6 20. Bxh6 Kxh6 21.
Nf3 Ng3 22. Kf2 Nfh5 23. Qd2+ Rf4 24. b4 Qb6+ 25. Ke1 Kg7 26. Ne2 Re4 0-1

[Event "GBR-ch 95th"]
[Site "Liverpool"]
[Date "2008.08.04"]
[Round "7.22"]
[White "Mason, Donald"]
[Black "Jackson, Oliver"]
[Result "1-0"]
[WhiteElo "2268"]
[BlackElo "2221"]
[PlyCount "71"]
[EventDate "2008.07.28"]
[EventType "swiss"]
[EventRounds "11"]
[EventCountry "GBR"]

1. c4 e5 2. Nc3 f5 3. d4 Nc6 4. Nf3 e4 5. Ng5 Nf6 6. h4 Bb4 7. e3 d6 8. Bd2
Bxc3 9. Bxc3 Qe7 10. Nh3 Bd7 11. Nf4 Qf7 12. Be2 Ne7 13. Qb3 O-O-O 14. d5 Ng4
15. Qa3 Kb8 16. Bd4 b6 17. Qc3 c5 18. dxc6 Nxc6 19. Bxg7 Rhg8 20. Bd4 Rc8 21.
Qa3 Qf8 22. Rd1 Na5 23. Bc3 Nb7 24. b4 Ne5 25. c5 bxc5 26. bxc5 Rxc5 27. Rb1
Nd3+ 28. Nxd3 exd3 29. Bf3 Rb5 30. Kd2 f4 31. Bd4 fxe3+ 32. Bxe3 Nc5 33. Rxb5+
Bxb5 34. Rb1 Qe8 35. Bxc5 dxc5 36. Qa6 1-0

[Event "GBR-ch 95th"]
[Site "Liverpool"]
[Date "2008.08.04"]
[Round "7.23"]
[White "Woods, Connor"]
[Black "Kett, Timothy"]
[Result "0-1"]
[WhiteElo "1934"]
[BlackElo "2247"]
[PlyCount "64"]
[EventDate "2008.07.28"]
[EventType "swiss"]
[EventRounds "11"]
[EventCountry "GBR"]

1. Nf3 Nc6 2. d4 d5 3. g3 Bf5 4. a3 e6 5. Bg2 Nf6 6. O-O Be7 7. c4 O-O 8. Nc3
dxc4 9. Qa4 Nxd4 10. Nxd4 Qxd4 11. Bxb7 Rab8 12. Be3 Qg4 13. Qc6 Qh3 14. f3 Bd6
15. Rf2 e5 16. Bxa7 Rbe8 17. e4 Be6 18. Ba6 Ra8 19. Be3 Rfb8 20. Bxc4 Bd7 21.
Bxf7+ Kxf7 22. Qc4+ Qe6 23. Qd3 Kg8 24. Kh1 Qb3 25. g4 Bc6 26. g5 Nh5 27. Rc1
Rf8 28. g6 Rad8 29. Qf1 h6 30. Bxh6 gxh6 31. Qh3 Nf4 32. Qxh6 Rd7 0-1

[Event "GBR-ch 95th"]
[Site "Liverpool"]
[Date "2008.08.04"]
[Round "7.24"]
[White "Lyell, Mark"]
[Black "Dilleigh, Steve"]
[Result "1/2-1/2"]
[WhiteElo "2232"]
[BlackElo "2131"]
[PlyCount "168"]
[EventDate "2008.07.28"]
[EventType "swiss"]
[EventRounds "11"]
[EventCountry "GBR"]

1. e4 e6 2. d4 d5 3. e5 c5 4. c3 Qb6 5. Nf3 Nc6 6. a3 c4 7. Nbd2 Na5 8. Be2 Bd7
9. O-O Ne7 10. Re1 Nc8 11. Nf1 Qc7 12. Bf4 Nb6 13. N3d2 O-O-O 14. Bg3 Ba4 15.
Qc1 h5 16. h4 Be7 17. Rb1 g5 18. Nf3 gxh4 19. Bxh4 Bxh4 20. Nxh4 Qe7 21. Qf4
Rdg8 22. Ne3 Nb3 23. Nf3 Rg7 24. Bd1 Na5 25. Qh4 Qxh4 26. Nxh4 Bxd1 27. Rbxd1
Nd7 28. g3 Nc6 29. Neg2 Ne7 30. Re3 Nf8 31. f4 Nfg6 32. Kf2 Nxh4 33. Nxh4 Rhg8
34. Rh1 Rg4 35. Rh3 Kd8 36. Re1 b6 37. Rg1 Ke8 38. a4 a5 39. Rb1 Kd7 40. Re1
Kc6 41. Re2 Kd7 42. Kf3 R8g7 43. Rf2 Rg8 44. Kg2 R8g7 45. Kh2 Ke8 46. Rf3 Rg8
47. Ng2 Nf5 48. Ne3 Nxe3 49. Rxe3 Rh8 50. Rh4 Rxh4+ 51. gxh4 Ke7 52. Rg3 b5 53.
axb5 Rb8 54. Rg2 Rxb5 55. f5 exf5 56. Kg3 Rb6 57. Kf4 Rg6 58. Rg5 Rb6 59. Rg2
Rg6 60. Rg5 Rb6 61. Rxh5 Rxb2 62. Rh8 a4 63. Ra8 Rh2 64. Ra7+ Ke8 65. Rxa4
Rxh4+ 66. Kxf5 Rh3 67. Ra8+ Ke7 68. Ra7+ Ke8 69. Ra5 Rf3+ 70. Kg4 Rxc3 71. Rxd5
Rc1 72. Kf3 c3 73. Ke2 Ke7 74. Rd6 Rh1 75. Kd3 Rh3+ 76. Kc2 Rf3 77. Rc6 Kd7 78.
Rxc3 Rf2+ 79. Kd3 f6 80. Ke4 fxe5 81. dxe5 Ke6 82. Rc6+ Kd7 83. Rf6 Rxf6 84.
exf6 Ke6 1/2-1/2

[Event "GBR-ch 95th"]
[Site "Liverpool"]
[Date "2008.08.04"]
[Round "7.25"]
[White "Ledger, Stephen"]
[Black "Briscoe, Christopher"]
[Result "0-1"]
[WhiteElo "2138"]
[BlackElo "2232"]
[PlyCount "156"]
[EventDate "2008.07.28"]
[EventType "swiss"]
[EventRounds "11"]
[EventCountry "GBR"]

1. e4 c5 2. c3 d5 3. exd5 Qxd5 4. d4 Nc6 5. Nf3 Bg4 6. Be2 e6 7. h3 Bh5 8. O-O
Nf6 9. Be3 cxd4 10. Nxd4 Bxe2 11. Qxe2 Bc5 12. Nxc6 Qxc6 13. Bxc5 Qxc5 14. Nd2
O-O 15. Rad1 Qa5 16. a3 Rfd8 17. Nb3 Qa4 18. Nd4 a6 19. Nf3 Qa5 20. Rd4 Rxd4
21. Nxd4 Rd8 22. Re1 h6 23. Rd1 Qd5 24. Re1 Rd7 25. Qf3 Qa2 26. Qe2 Rd6 27. Qc2
Nd5 28. g3 Nf6 29. Re2 Qd5 30. Kh2 Qh5 31. Rd2 Ng4+ 32. Kg2 Ne5 33. Qd1 Qxd1
34. Rxd1 Nc4 35. b3 Nxa3 36. Ra1 e5 37. Nf3 e4 38. Nd4 Nb5 39. Nxb5 axb5 40.
Ra7 Rb6 41. Ra8+ Kh7 42. Re8 Re6 43. Rb8 b6 44. Rc8 Kg6 45. Kf1 f5 46. Ke2 Kf6
47. h4 Ke5 48. Ke3 g5 49. hxg5 hxg5 50. Rg8 Rd6 51. Re8+ Kf6 52. Rb8 Ke5 53.
Re8+ Kf6 54. Rb8 Kg6 55. Ke2 Kh5 56. Rc8 Kg4 57. Rc7 Re6 58. Rf7 Rc6 59. Kd2
Rd6+ 60. Ke2 Rc6 61. Kd2 Rc5 62. b4 Rc6 63. Rf8 f4 64. gxf4 gxf4 65. Rf7 Kf3
66. Rf5 Rd6+ 67. Kc2 Rh6 68. Kb3 Rh4 69. Re5 Rh2 70. Rxb5 Kxf2 71. Rxb6 e3 72.
Re6 e2 73. b5 e1=Q 74. Rxe1 Kxe1 75. c4 f3 76. b6 f2 77. b7 f1=Q 78. b8=Q Qd3+
0-1

[Event "GBR-ch 95th"]
[Site "Liverpool"]
[Date "2008.08.04"]
[Round "7.26"]
[White "Rayner, Francis"]
[Black "Russell, Christopher"]
[Result "0-1"]
[WhiteElo "2207"]
[BlackElo "2036"]
[PlyCount "104"]
[EventDate "2008.07.28"]
[EventType "swiss"]
[EventRounds "11"]
[EventCountry "GBR"]

1. c4 e6 2. Nf3 f5 3. g3 Nf6 4. Bg2 Be7 5. d4 O-O 6. O-O d6 7. Nc3 Qe8 8. Qc2
Qh5 9. e4 e5 10. dxe5 dxe5 11. Nd5 Nxd5 12. cxd5 Bd6 13. Qc3 Nd7 14. exf5 Nf6
15. Nh4 Bxf5 16. Nxf5 Qxf5 17. Be3 e4 18. Rad1 Rae8 19. Bc5 Bxc5 20. Qxc5 c6
21. Qxa7 cxd5 22. Qd4 Re7 23. Rc1 Rfe8 24. Rc3 Qe5 25. Rd1 g5 26. h3 h6 27. a4
Rd7 28. b4 Qxd4 29. Rxd4 Kf7 30. Bf1 Ree7 31. a5 Rc7 32. Ra3 Ke6 33. b5 Ke5 34.
Raa4 Nd7 35. a6 bxa6 36. bxa6 Nc5 37. Rab4 Re6 38. Rd1 Nxa6 39. Rbd4 Rc5 40.
Be2 Rf6 41. Bg4 Nc7 42. R4d2 Nb5 43. Kg2 d4 44. Ra1 Kd5 45. Ra8 Kc4 46. Re8 Nd6
47. Re7 d3 48. f3 exf3+ 49. Bxf3 Kc3 50. Rf2 Rcf5 51. Rc7+ Nc4 52. Rf1 d2 0-1

[Event "GBR-ch 95th"]
[Site "Liverpool"]
[Date "2008.08.04"]
[Round "7.27"]
[White "Shaw, Peter"]
[Black "Townsend, Paul"]
[Result "1/2-1/2"]
[WhiteElo "2127"]
[BlackElo "2204"]
[PlyCount "81"]
[EventDate "2008.07.28"]
[EventType "swiss"]
[EventRounds "11"]
[EventCountry "GBR"]

1. d4 Nf6 2. c4 c5 3. d5 e5 4. Nc3 d6 5. e4 Nbd7 6. Nf3 Be7 7. Be2 O-O 8. O-O
Ne8 9. Ne1 Bg5 10. Nd3 g6 11. a3 f5 12. b4 b6 13. Rb1 Bxc1 14. Qxc1 Ndf6 15. f3
f4 16. bxc5 bxc5 17. Rb3 Rf7 18. Qb2 Nd7 19. Rb1 g5 20. Nf2 h5 21. Qc2 Rg7 22.
R3b2 Qa5 23. Qa4 Qxa4 24. Nxa4 Ba6 25. Nc3 Nb6 26. Nb5 Na4 27. Rb3 Rb8 28. Nd1
Rgb7 29. Ndc3 Nxc3 30. Rxc3 Nc7 31. a4 Kf8 32. Ra1 Ke7 33. Kf2 Ne8 34. Rcc1 Rd7
35. Rcb1 Kf6 36. Nxd6 Rxb1 37. Nxe8+ Ke7 38. Rxb1 Kxe8 39. Ke1 Rb7 40. Rxb7
Bxb7 41. Kd2 1/2-1/2

[Event "GBR-ch 95th"]
[Site "Liverpool"]
[Date "2008.08.04"]
[Round "7.28"]
[White "James, David J"]
[Black "Goodger, Martyn"]
[Result "1/2-1/2"]
[WhiteElo "2177"]
[BlackElo "2187"]
[PlyCount "53"]
[EventDate "2008.07.28"]
[EventType "swiss"]
[EventRounds "11"]
[EventCountry "GBR"]

1. d4 f5 2. c4 Nf6 3. Nf3 e6 4. g3 Be7 5. Nc3 d6 6. Bg2 O-O 7. O-O Ne4 8. Qc2
Nxc3 9. Qxc3 a5 10. b3 Nc6 11. Bb2 Bf6 12. Qd2 Qe7 13. d5 Bxb2 14. Qxb2 Nd8 15.
dxe6 Nxe6 16. e3 Nc5 17. a3 Bd7 18. b4 axb4 19. axb4 Ne4 20. Rxa8 Rxa8 21. Ra1
Rxa1+ 22. Qxa1 b6 23. Nd4 Kf7 24. Qa8 c5 25. bxc5 dxc5 26. Qd5+ Kf6 27. Nc2
1/2-1/2

[Event "GBR-ch 95th"]
[Site "Liverpool"]
[Date "2008.08.04"]
[Round "7.29"]
[White "Gregory, Stephen J"]
[Black "Yeo, Michael J"]
[Result "1-0"]
[WhiteElo "2177"]
[BlackElo "2110"]
[PlyCount "123"]
[EventDate "2008.07.28"]
[EventType "swiss"]
[EventRounds "11"]
[EventCountry "GBR"]

1. e4 e5 2. Bc4 Nf6 3. Qe2 Nc6 4. Nf3 Bc5 5. c3 d6 6. d3 a6 7. Bb3 Ba7 8. Nbd2
O-O 9. h3 Be6 10. Bc2 a5 11. Nf1 a4 12. Ng3 h6 13. Nh2 Bc5 14. O-O Qd7 15. Qf3
Kh7 16. Ne2 Ng8 17. g4 Bb6 18. Ng3 g6 19. Be3 a3 20. b4 Ba7 21. Bxa7 Nxa7 22.
Qe3 Nb5 23. Ne2 f5 24. exf5 gxf5 25. c4 Nd4 26. Nxd4 exd4 27. Qxd4 fxg4 28.
hxg4 Nf6 29. f3 h5 30. g5 Qg7 31. f4 Bh3 32. Rf3 c5 33. bxc5 dxc5 34. Qc3 Bf5
35. Re1 Rf7 36. Kh1 Ng4 37. Qxg7+ Kxg7 38. Kg1 Rd8 39. Nf1 Rd4 40. Ng3 Bd7 41.
f5 Bc6 42. Rff1 h4 43. Ne4 Bxe4 44. Rxe4 Rxe4 45. dxe4 Ne3 46. Rf2 Rd7 47. Ba4
b5 48. cxb5 Rd4 49. f6+ Kf8 50. Bb3 c4 51. Bc2 c3 52. b6 Rb4 53. e5 Nxc2 54. g6
Rg4+ 55. Kh2 Nd4 56. b7 Nc6 57. g7+ Kf7 58. e6+ Kxe6 59. f7 c2 60. f8=Q c1=Q
61. g8=Q+ Rxg8 62. Qxg8+ 1-0

[Event "GBR-ch 95th"]
[Site "Liverpool"]
[Date "2008.08.04"]
[Round "7.31"]
[White "Gibson, Chris A"]
[Black "Gavriel, Tryfon"]
[Result "0-1"]
[WhiteElo "2003"]
[BlackElo "2180"]
[PlyCount "52"]
[EventDate "2008.07.28"]
[EventType "swiss"]
[EventRounds "11"]
[EventCountry "GBR"]

1. d4 d6 2. c4 e5 3. d5 f5 4. e4 Nf6 5. exf5 Bxf5 6. Nf3 g6 7. Nc3 Bg7 8. Bg5
a5 9. Bd3 h6 10. Bxf5 gxf5 11. Be3 Ng4 12. Qe2 O-O 13. O-O-O Na6 14. Bd2 Nc5
15. Rdf1 e4 16. Ne1 Re8 17. Kb1 c6 18. h3 Ne5 19. g4 Qf6 20. gxf5 Qxf5 21. Ka1
a4 22. Rhg1 Nb3+ 23. axb3 axb3+ 24. Kb1 e3+ 25. Kc1 Ra1+ 26. Nb1 Rxb1# 0-1

[Event "GBR-ch 95th"]
[Site "Liverpool"]
[Date "2008.08.04"]
[Round "7.33"]
[White "Coates, David H"]
[Black "McCullough, Simon L"]
[Result "1-0"]
[WhiteElo "2037"]
[BlackElo "1910"]
[PlyCount "66"]
[EventDate "2008.07.28"]
[EventType "swiss"]
[EventRounds "11"]
[EventCountry "GBR"]

1. e4 c5 2. Nf3 e6 3. d4 cxd4 4. Nxd4 Nf6 5. Nc3 Bb4 6. e5 Nd5 7. Bd2 Bxc3 8.
Bxc3 Nxc3 9. bxc3 Qa5 10. Qf3 Qxe5+ 11. Be2 O-O 12. O-O Nc6 13. Rad1 Nxd4 14.
cxd4 Qa5 15. Bc4 d5 16. Bd3 g6 17. Rfe1 Bd7 18. Rb1 a6 19. Qf6 Bc6 20. h4 Qd8
21. Qf4 h5 22. c3 Kg7 23. Re3 Qf6 24. Qg3 Kg8 25. Rbe1 Rae8 26. Re5 Kh8 27. Be2
Qg7 28. Rg5 Qh7 29. Bf3 Rg8 30. Qf4 Ref8 31. Ree5 f5 32. Rxe6 Bd7 33. Qe5+ Rg7
1-0

[Event "GBR-ch 95th"]
[Site "Liverpool"]
[Date "2008.08.05"]
[Round "8.3"]
[White "Conquest, Stuart"]
[Black "Ledger, Andrew"]
[Result "1-0"]
[WhiteElo "2536"]
[BlackElo "2423"]
[PlyCount "95"]
[EventDate "2008.07.28"]
[EventType "swiss"]
[EventRounds "11"]
[EventCountry "GBR"]

1. e4 e5 2. Nf3 Nc6 3. Nc3 Nf6 4. Bb5 Bb4 5. O-O O-O 6. d3 d6 7. Bg5 Bxc3 8.
bxc3 Qe7 9. Re1 Nd8 10. d4 Ne6 11. Bc1 a6 12. Bf1 Nd7 13. g3 c5 14. Bg2 Rb8 15.
h4 b5 16. h5 a5 17. Nh4 g6 18. Be3 b4 19. d5 Ng5 20. cxb4 axb4 21. Bf3 Nh3+ 22.
Kh2 Nf6 23. Bh6 Re8 24. Be3 Ra8 25. Kg2 Ra3 26. Bc1 Ra7 27. Rh1 Qd7 28. Qd2 Kh8
29. Bb2 Rg8 30. Qh6 Ng4 31. Bxg4 Qxg4 32. f3 Qd7 33. Nf5 Qd8 34. hxg6 fxg6 35.
Nxd6 Qxd6 36. f4 Re7 37. fxe5 Rxe5 38. Raf1 Rg7 39. Rxh3 Bxh3+ 40. Qxh3 h5 41.
Qc8+ Kh7 42. Rf8 Kh6 43. Rh8+ Kg5 44. Rd8 Qe7 45. d6 Qf7 46. Bxe5 Qc4 47. Bf4+
Kf6 48. e5+ 1-0

[Event "GBR-ch 95th"]
[Site "Liverpool"]
[Date "2008.08.05"]
[Round "8.4"]
[White "Gordon, Stephen J"]
[Black "Davies, Nigel R"]
[Result "1-0"]
[WhiteElo "2508"]
[BlackElo "2478"]
[PlyCount "55"]
[EventDate "2008.07.28"]
[EventType "swiss"]
[EventRounds "11"]
[EventCountry "GBR"]

1. d4 Nf6 2. c4 e6 3. Nf3 Bb4+ 4. Nbd2 d5 5. a3 Be7 6. g3 O-O 7. Bg2 b6 8. O-O
Bb7 9. cxd5 exd5 10. b3 c5 11. Bb2 Nc6 12. Re1 Re8 13. Nf1 Ne4 14. Ne3 Rc8 15.
Ra2 cxd4 16. Nxd4 Bc5 17. Nec2 Ne5 18. e3 Qe7 19. f4 Ng6 20. Nf5 Qc7 21. Nxg7
Red8 22. Nh5 Be7 23. Nd4 Nc3 24. Bxc3 Qxc3 25. Bh3 Rb8 26. Rc2 Qa5 27. Qa1 Qxa3
28. Ra2 1-0

[Event "GBR-ch 95th"]
[Site "Liverpool"]
[Date "2008.08.05"]
[Round "8.5"]
[White "Kolbus, Dietmar"]
[Black "Pert, Richard G"]
[Result "1/2-1/2"]
[WhiteElo "2393"]
[BlackElo "2468"]
[PlyCount "20"]
[EventDate "2008.07.28"]
[EventType "swiss"]
[EventRounds "11"]
[EventCountry "GBR"]

1. c4 Nf6 2. Nc3 e5 3. Nf3 Nc6 4. d3 Bb4 5. Bd2 O-O 6. a3 Bxc3 7. Bxc3 e4 8.
dxe4 Nxe4 9. Rc1 d6 10. e3 Bg4 1/2-1/2

[Event "GBR-ch 95th"]
[Site "Liverpool"]
[Date "2008.08.05"]
[Round "8.6"]
[White "Hebden, Mark"]
[Black "Greet, Andrew"]
[Result "1-0"]
[WhiteElo "2520"]
[BlackElo "2453"]
[PlyCount "127"]
[EventDate "2008.07.28"]
[EventType "swiss"]
[EventRounds "11"]
[EventCountry "GBR"]

1. d4 Nf6 2. Nf3 d6 3. Nc3 d5 4. Bf4 Bf5 5. e3 e6 6. Bd3 Bg6 7. Ne5 Nh5 8. Qf3
Nd7 9. O-O-O c6 10. Nxg6 hxg6 11. Be5 Qg5 12. h4 Qe7 13. g4 Nhf6 14. Bg3 O-O-O
15. e4 dxe4 16. Nxe4 Nxe4 17. Bxe4 Nb8 18. g5 Rh7 19. Rhe1 Qd7 20. Re3 Bb4 21.
Rb3 Bd6 22. Bxd6 Qxd6 23. Qxf7 Nd7 24. Rbd3 Rxh4 25. f3 Qf4+ 26. Qxf4 Rxf4 27.
Bxg6 Rh8 28. Re1 Nf8 29. Be4 Rh5 30. Rg1 Nh7 31. Rdd1 Rfh4 32. Bxh7 Rxh7 33.
Rge1 Kd7 34. Re3 Rf4 35. Rde1 Rxd4 36. Rxe6 Rh1 37. Re7+ Kd6 38. Rxh1 Kxe7 39.
Rh8 Kf7 40. Rb8 Rd7 41. f4 Kg6 42. a4 b6 43. Rf8 Rd5 44. Rc8 Kf5 45. Rxc6 Kxf4
46. Rc7 Rxg5 47. Rxa7 Rg1+ 48. Kd2 g5 49. Rb7 g4 50. Rxb6 g3 51. Ke2 Rg2+ 52.
Kd3 Rh2 53. Rf6+ Kg4 54. Rg6+ Kf3 55. a5 g2 56. a6 Rh1 57. b4 g1=Q 58. Rxg1
Rxg1 59. b5 Ra1 60. Kd4 Kf4 61. c4 Kf5 62. Kd5 Kf6 63. c5 Ke7 64. b6 1-0

[Event "GBR-ch 95th"]
[Site "Liverpool"]
[Date "2008.08.05"]
[Round "8.7"]
[White "Trent, Lawrence"]
[Black "Arkell, Keith"]
[Result "0-1"]
[WhiteElo "2470"]
[BlackElo "2506"]
[PlyCount "98"]
[EventDate "2008.07.28"]
[EventType "swiss"]
[EventRounds "11"]
[EventCountry "GBR"]

1. e4 c6 2. c4 d5 3. cxd5 cxd5 4. exd5 Nf6 5. Qa4+ Nbd7 6. Nc3 g6 7. Bc4 Bg7 8.
d3 O-O 9. Nf3 a6 10. Qa3 Nb6 11. Qb3 Nxc4 12. dxc4 b5 13. O-O bxc4 14. Qxc4 e6
15. Bg5 h6 16. Bxf6 Qxf6 17. Rfe1 Rb8 18. Rad1 exd5 19. Nxd5 Qxb2 20. Ne7+ Kh7
21. Nc6 Rb6 22. Nd8 Qc3 23. Qd5 Qf6 24. h3 Rb2 25. a4 Rc2 26. Re3 Qb2 27. Rf1
Rc7 28. Nc6 Bb7 29. Nfe5 Qc2 30. Qd6 Rxc6 31. Nxc6 Qxc6 32. Qg3 Qxa4 33. Rc1
Bd5 34. Qd6 Be6 35. Rc7 Qa1+ 36. Kh2 Qa2 37. f4 Qd5 38. Qxa6 Qd4 39. Rf3 g5 40.
Rc1 gxf4 41. Qb5 Be5 42. Re1 f6 43. Qb1+ Kg7 44. Rd1 Rb8 45. Qc1 Qc4 46. Qa3
Bd5 47. Qe7+ Kg6 48. h4 Bxf3 49. Rd7 Be4 0-1

[Event "GBR-ch 95th"]
[Site "Liverpool"]
[Date "2008.08.05"]
[Round "8.8"]
[White "Flear, Glenn C"]
[Black "Rudd, Jack"]
[Result "1/2-1/2"]
[WhiteElo "2493"]
[BlackElo "2345"]
[PlyCount "62"]
[EventDate "2008.07.28"]
[EventType "swiss"]
[EventRounds "11"]
[EventCountry "GBR"]

1. d4 Nf6 2. c4 c5 3. d5 e6 4. Nc3 exd5 5. cxd5 d6 6. Nf3 g6 7. Bf4 a6 8. a4
Bg7 9. h3 O-O 10. e3 Qb6 11. Nd2 Qxb2 12. Qc1 Qxc1+ 13. Rxc1 Rd8 14. Nc4 Ne8
15. Ne4 Nd7 16. Nexd6 Nxd6 17. Bxd6 b5 18. Bc7 Rf8 19. Nd6 Bb2 20. Rc2 Be5 21.
f4 Bxd6 22. Bxd6 Re8 23. Bxc5 Nxc5 24. Rxc5 Rxe3+ 25. Kf2 Re4 26. axb5 axb5 27.
Bxb5 Rxf4+ 28. Kg3 Rd4 29. Be2 Ra3+ 30. Bf3 Bb7 31. Kh2 Rad3 1/2-1/2

[Event "GBR-ch 95th"]
[Site "Liverpool"]
[Date "2008.08.05"]
[Round "8.10"]
[White "Eggleston, David"]
[Black "Ledger, David"]
[Result "1-0"]
[WhiteElo "2372"]
[BlackElo "2260"]
[PlyCount "101"]
[EventDate "2008.07.28"]
[EventType "swiss"]
[EventRounds "11"]
[EventCountry "GBR"]

1. e4 e5 2. Nf3 Nc6 3. Bc4 Bc5 4. c3 Nf6 5. d3 a6 6. O-O d6 7. d4 Ba7 8. dxe5
dxe5 9. Qxd8+ Nxd8 10. Nxe5 Nxe4 11. Nd2 Nd6 12. Bd3 O-O 13. Re1 Re8 14. Nb3 f6
15. Nf3 Rxe1+ 16. Nxe1 N8f7 17. Bf4 g5 18. Bxd6 Nxd6 19. c4 Be6 20. c5 Nf7 21.
Nd4 Bd5 22. b4 Ne5 23. Bf5 Re8 24. Nec2 Nc6 25. Nxc6 Bxc6 26. Nd4 Bd5 27. h3 c6
28. Bc2 Bb8 29. Bb3 Re4 30. Bxd5+ cxd5 31. Rd1 Kf7 32. a3 Be5 33. Nb3 Bb2 34.
Na5 Re7 35. Rd3 Rd7 36. g3 Be5 37. Kf1 Ke6 38. c6 bxc6 39. Nxc6 d4 40. f4 gxf4
41. gxf4 Bxf4 42. Nxd4+ Kf7 43. Ke2 Bc1 44. a4 Kg6 45. Nc6 Rb7 46. Rd5 Rb6 47.
b5 axb5 48. axb5 Ba3 49. Kd3 f5 50. Ne5+ Kf6 51. Nd7+ 1-0